000 00643nam a2200157Ia 4500
008 151213s9999 xx 000 0 und d
020 _a984-70350-0074-6
100 _aসেমায়াজ্জেম হোসেন আলমগীর।
245 _aতবুও ভালোবাসা।
_cসেমায়াজ্জেম হোসেন আলমগীর।
260 _aঢাকা
_bর‌্যামন প্রকাশনী।
_c2010
300 _a8488 p.
650 _aBangla
650 _aBengali Literature
700 _aসেমায়াজ্জেম হোসেন আলমগীর।
999 _c4325
_d4325